|
|
|
|
| LEADER |
00000nam a2200000 a 4500 |
| 001 |
UCK6618 |
| 003 |
CL-VaPUC |
| 008 |
051007e20020000CL |||||||||||||||||aym|d |
| 020 |
|
|
|a 9561603624
|
| 041 |
0 |
7 |
|a aym
|2 CL-VaPUC
|
| 041 |
0 |
7 |
|a spa
|2 CL-VaPUC
|
| 082 |
0 |
4 |
|a 498.8
|b QUI
|2 21
|
| 100 |
0 |
|
|a Quidel Lincoleo,José
|e author
|9 496100
|
| 700 |
0 |
|
|a Cárcamo Luna,Carlos
|e author
|9 496101
|
| 245 |
1 |
3 |
|a Un niño llamado Pascual Coña
|
| 246 |
1 |
0 |
|a Paskwal Koña Pigechi pichi wenxu
|
| 250 |
|
|
|a 1a. ed
|
| 300 |
|
|
|a 51 p
|
| 942 |
|
|
|c BK
|
| 945 |
|
|
|d 20051007 00:00:00
|a castudil
|
| 260 |
|
|
|a Santiago
|b Pehuén
|c 2002
|
| 650 |
|
7 |
|a INTERCULTURAL
|2 CL-VaPUC
|9 496102
|
| 650 |
|
7 |
|a COSMOVISION MAPUCHE
|2 CL-VaPUC
|9 496103
|
| 650 |
|
7 |
|a JUEGOS MAPUCHES
|2 CL-VaPUC
|9 496104
|
| 650 |
|
7 |
|a JUEGOS TRADICIONALES
|2 CL-VaPUC
|9 421256
|
| 650 |
|
7 |
|a COMIDA MAPUCHE
|2 CL-VaPUC
|9 496105
|
| 650 |
|
7 |
|a COMIDA CHILENA
|2 CL-VaPUC
|9 496106
|
| 650 |
|
7 |
|a INSTRUMENTOS MUSICALES MAPUCHES
|2 CL-VaPUC
|9 496107
|
| 650 |
|
7 |
|a INSTRUMENTOS FOLKLORICOS
|2 CL-VaPUC
|9 496108
|
| 650 |
|
0 |
|a Cultura mapuche
|9 471053
|
| 651 |
|
0 |
|a Araucanía
|9 257448
|
| 651 |
|
7 |
|a CHILE
|2 CL-VaPUC
|9 496109
|
| 583 |
|
|
|a last modification
|c 20051007 00:00:00
|k Rodrigo Vera
|
| 999 |
|
|
|c 314891
|d 314889
|
| 952 |
|
|
|0 0
|1 0
|4 0
|6 498_800000000000000_QUI_2002
|7 0
|8 X
|9 387678
|a FDOMLP
|b FDOMLP
|d 2019-11-22
|i 4110617
|o 498.8 QUI 2002
|p 4110617
|r 2019-11-22
|w 2019-11-22
|y BK_X
|k BU2
|